Normal view
MARC view
- PHYSICS-A CALCULUS BASED TEXT
Entry Topical Term
001 - CONTROL NUMBER
- control field: 58493
003 - CONTROL NUMBER IDENTIFIER
- control field: NUST
005 - DATE AND TIME OF LATEST TRANSACTION
- control field: 20210628202144.0
008 - FIXED-LENGTH DATA ELEMENTS
- fixed length control field: 210628|| aca||aabn | a|a d
040 ## - CATALOGING SOURCE
- Original cataloging agency: NUST
- Transcribing agency: NUST
150 ## - HEADING--TOPICAL TERM
- Topical term or geographic name entry element: PHYSICS-A CALCULUS BASED TEXT
670 ## - SOURCE DATA FOUND
- Source citation: Work cat.: (NUST): Jewett, J.W Serway, Raymond.A 58492, Principles of physics, va calculus based text, 2002
